Países que acaban por la letra O - Estadísticas

Estadísticas generales
  • Esta prueba ha sido intentada 37 veces
    26 desde el último reinicio
  • La puntuación promedio es 11 de 17
Estadísticas de respuestas
País % Correcto
Lesoto
86%
Togo
86%
Kosovo
81%
México
81%
Mónaco
76%
Ciudad del Vaticano
67%
Mauricio
67%
San Marino
67%
Egipto
62%
Líbano
62%
Montenegro
62%
Luxemburgo
57%
Trinidad y Tobago
57%
Reino Unido
52%
República del Congo
52%
República Democrática del Congo
52%
Burkina Faso
24%
No se encontraron pruebas coincidentes
Distribución de puntuación
Porcentaje de gente con cada puntuación
Porcentaje por número respondido
Historial de tus puntuaciones
No has intentado esta prueba desde el último reinicio